[Event "Greifswald op"]
[Site "Greifswald"]
[Date "2023.01.07"]
[Round "2"]
[White "Ragan, Szymon"]
[Black "Nilk, Finn Christian"]
[Result "1-0"]
[WhiteElo "1208"]
[BlackElo "756"]
[PlyCount "97"]
[EventDate "2023.01.06"]
[EventType "swiss"]
[EventRounds "5"]
[EventCountry "GER"]
[SourceTitle "CBM 212 Extra"]
[Source "ChessBase"]
[SourceDate "2023.03.31"]
[SourceVersion "1"]
[SourceVersionDate "2023.03.31"]
[SourceQuality "1"]

1. e4 e5 2. Nf3 Nc6 3. Bc4 Nf6 4. Ng5 d5 5. exd5 Bc5 6. dxc6 0-0 7. cxb7 Bxb7 8. 0-0 h6 9. Nf3 e4 10. Nh4 Bc8 11. g3 Ng4 12. d3 e3 13. fxe3 Nxe3 14. Bxe3 Bxe3+ 15. Kh1 Qd7 16. Ng2 Bb7 17. Nc3 Bd4 18. Ne4 Rae8 19. c3 Bb6 20. Qc2 Re7 21. Rae1 Qh3 22. Nf6+ Kh8 23. Rxe7 Qxg2+ 24. Qxg2 Bxg2+ 25. Kxg2 gxf6 26. Rxf6 Kg7 27. Rexf7+ Rxf7 28. Rxf7+ Kg6 29. d4 a5 30. a4 c5 31. Rb7 Bd8 32. dxc5 Kf5 33. c6 Ke5 34. c7 Bxc7 35. Rxc7 Kd6 36. Ra7 Kc5 37. Rxa5+ Kxc4 38. Rh5 Kb3 39. a5 Kxb2 40. a6 Kxc3 41. a7 Kd3 42. a8Q Ke3 43. Re5+ Kd3 44. Qe4+ Kd2 45. Qe3+ Kd1 46. Qe2+ Kc1 47. Rc5+ Kb1 48. Qc2+ Ka1 49. Ra5# 1-0

[Event "Greifswald op"]
[Site "Greifswald"]
[Date "2023.01.06"]
[Round "1"]
[White "Nilk, Finn Christian"]
[Black "Ederle, Artoem"]
[Result "0-1"]
[WhiteElo "756"]
[BlackElo "1518"]
[PlyCount "74"]
[EventDate "2023.01.06"]
[EventType "swiss"]
[EventRounds "5"]
[EventCountry "GER"]
[SourceTitle "CBM 212 Extra"]
[Source "ChessBase"]
[SourceDate "2023.03.31"]
[SourceVersion "1"]
[SourceVersionDate "2023.03.31"]
[SourceQuality "1"]

1. e4 c5 2. Nf3 e6 3. Nc3 Nc6 4. Bb5 a6 5. Ba4 b5 6. Bb3 c4 7. Bxc4 bxc4 8. d4 cxd3 9. cxd3 Qc7 10. d4 d6 11. d5 Ne5 12. Nxe5 dxe5 13. 0-0 Bb7 14. Be3 Nf6 15. Qb1 exd5 16. f3 d4 17. Bd2 dxc3 18. bxc3 Bc5+ 19. Rf2 Bxf2+ 20. Kxf2 0-0 21. Kg1 Rfd8 22. Be3 Qxc3 23. Qb6 Qxa1+ 24. Kf2 Qxa2+ 25. Kg3 Bxe4 26. Bg5 Qe6 27. Qe3 Nh5+ 28. Kf2 f6 29. Bh4 g5 30. Bg3 Qa2+ 31. Qe2 Qxe2+ 32. Kxe2 Nxg3+ 33. hxg3 Rd4 34. Ke3 Bg6 35. Kf2 Rd2+ 36. Ke3 Rad8 37. f4 R8d3# 0-1